| 000 | 01460cam a22003258a 4500 | ||
|---|---|---|---|
| 090 | _c0 | ||
| 001 | 14641097 | ||
| 005 | 20070512102141.0 | ||
| 008 | 061120s2007 mau b 001 0 eng | ||
| 010 | _a 2006038489 | ||
| 020 | _a9780123704795 (hardcover : alk. paper) | ||
| 040 |
_aDLC _cDLC _dDLC |
||
| 050 | 0 | 0 |
_aTK5105.585 _b.L535 2007 |
| 082 | 0 | 0 |
_a004.62 _222 _bLIQ |
| 100 | 1 |
_aLi, Qing, _d1971- |
|
| 245 | 1 | 0 |
_aIPv6 advanced protocols implementation / _cQing Li, Tatuya Jinmei, Keiichi Shima. |
| 260 |
_aBoston : _bMorgan Kaufmann Publishers, _cc2007. |
||
| 263 | _a0704 | ||
| 300 |
_axxv. 981 p.: _bill.; _c24 cm. + _e2 CD-ROM (4 3/4 in.) |
||
| 504 | _aIncludes bibliographical references and index. | ||
| 650 | 0 | _aTCP/IP (Computer network protocol) | |
| 700 | 1 |
_aJinmei, Tatuya, _d1971- |
|
| 700 | 1 |
_aShima, Keiichi, _d1970- |
|
| 856 | 4 | 1 |
_3Table of contents only _uhttp://www.loc.gov/catdir/toc/ecip075/2006038489.html |
| 856 | 4 | 2 |
_3Publisher description _uhttp://www.loc.gov/catdir/enhancements/fy0625/2006038489-d.html |
| 942 |
_2ddc _cBB |
||
| 999 |
_c10387 _d10387 |
||